Ram ramaiy gaaye ja / (Record no. 45965)

MARC details
000 -LEADER
fixed length control field 01106nji a22002897a 4500
005 - DATE AND TIME OF LATEST TRANSACTION
control field 2010091505345.0
006 - FIXED-LENGTH DATA ELEMENTS--ADDITIONAL MATERIAL CHARACTERISTICS--GENERAL INFORMATION
fixed length control field a|||||r|||||00| 0
007 - PHYSICAL DESCRIPTION FIXED FIELD--GENERAL INFORMATION
fixed length control field sd ammalaaahaa
008 - FIXED-LENGTH DATA ELEMENTS--GENERAL INFORMATION
fixed length control field 100830t xxu||||| |||| 00| 0 eng d
028 ## - PUBLISHER NUMBER
Publisher number EMGE.12504
Source EMI
035 ## - SYSTEM CONTROL NUMBER
System control number GR-02698
040 ## - CATALOGING SOURCE
Original cataloging agency SED
Transcribing agency SED
100 ## - MAIN ENTRY--PERSONAL NAME
9 (RLIN) 17455
Personal name Sharma, Gopal
245 ## - TITLE STATEMENT
Title Ram ramaiy gaaye ja /
Statement of responsibility, etc sung by Gopal Sharma...[et.al]
Medium [sound recording] :
246 ## - VARYING FORM OF TITLE
Title proper/short title राम रमैय गाये जा /
260 ## - PUBLICATION, DISTRIBUTION, ETC. (IMPRINT)
Place of publication, distribution, etc Dum Dum, India
Name of publisher, distributor, etc EMI
Date of publication, distribution, etc 1976
300 ## - PHYSICAL DESCRIPTION
Extent 1 sound disc [Gramophone Recording]:
Other physical details analog, 33 1/3 rpm
Dimensions 12.5 in. (LP)
Type of unit Gramophone Record
440 ## - SERIES STATEMENT/ADDED ENTRY--TITLE
Title Bhajanavali- Vol.1
9 (RLIN) 20202
500 ## - GENERAL NOTE
General note Brief Record
500 ## - GENERAL NOTE
General note Record labels : EMI, Green
505 ## - FORMATTED CONTENTS NOTE
Formatted contents note Side-2 अपनायन रखना मेरे घनश्याम (Apnaayan rakhna mere ghanshyam) (Manna Dey)
600 ## - SUBJECT ADDED ENTRY--PERSONAL NAME
Personal name Sharma, Gopal
9 (RLIN) 19590
650 ## - SUBJECT ADDED ENTRY--TOPICAL TERM
Topical term or geographic name as entry element Hindi Song
Geographic subdivision India
9 (RLIN) 1186
General subdivision Excerpts
650 ## - SUBJECT ADDED ENTRY--TOPICAL TERM
Topical term or geographic name as entry element Devotional Songs
9 (RLIN) 20196
942 ## - ADDED ENTRY ELEMENTS (KOHA)
Source of classification or shelving scheme Dewey Decimal Classification
Item type Gramaphone Records
Holdings
Withdrawn status Lost status Source of classification or shelving scheme Damaged status Not for loan Collection code Home library Current library Date acquired Source of acquisition Total Checkouts Barcode Date last seen Copy number Price effective from Koha item type
    Dewey Decimal Classification   Not For Loan Non-fiction Central Library Central Library 15/09/2010 SED/VEN   GR-02698 15/09/2010 1 15/09/2010 Gramaphone Records

© Delhi Public Library
Hit Counter
free hit counter